000 00557nam a2200157 i 4500
001 28844
003 ES-MaACL
005 20230906153934.0
007 t|
008 030120s1873 fr ||||1| fre d
100 1 _aBagehot, Walter.
_924629
245 1 0 _aLois scientifiques du développement des nations dans leurs rapports avec les principes de la sélection naturelle et de l'hérédité /
_cpar Walter Bagehot.
260 _aParís :
_bGermer Baillière,
_c1873 (
_eCoulommiers :
_fA. Moussin)
300 _a243 p. ;
_c22 cm.
852 _aES-MaACL
_jD-5031
999 _c28844
_d28844